Academic outlaws : queer theory and cultural studies in the academy /

Scholarly yet provocatively written, Academic Outlaws presents a comprehensive discussion of how life in academe is experienced by gay men and lesbian women. Using a narrative style that mixes autobiography, case study data, and fiction, author William G. Tierney provides timely insight into the cha...

Full description

Bibliographic Details
Main Author: Tierney, William G. (Author)
Format: Book
Language:English
Published: Thousand Oaks, California : Sage Publications, [1997]
Subjects:

MARC

Tag First Indicator Second Indicator Subfields
LEADER 00000cam a2200000 a 4500
001 in00001404844
005 20201204102040.0
008 961004s1997 cau b 001 0 eng
010 |a  96045823  
035 |a (OCoLC)ocm35770917 
035 |a (OCoLC)35770917 
035 |9 AHP4346AM 
040 |a DLC  |b eng  |c DLC  |d UKM  |d BAKER  |d NLGGC  |d BTCTA  |d YDXCP  |d NOR  |d GPRCL  |d ZWZ  |d HEBIS  |d BDX  |d OCLCF  |d NLE  |d DEBBG  |d OCLCQ  |d OCLCA  |d TXA 
015 |a GB9762811  |2 bnb 
019 |a 37762618  |a 877160884 
020 |a 0761906827  |q (cloth ;  |q acid-free paper) 
020 |a 9780761906827  |q (cloth ;  |q acid-free paper) 
020 |a 0761906835  |q (pbk. ;  |q acid-free paper) 
020 |a 9780761906834  |q (pbk. ;  |q acid-free paper) 
035 |a (OCoLC)35770917  |z (OCoLC)37762618  |z (OCoLC)877160884 
050 0 0 |a HQ75.15  |b .T54 1997 
082 0 0 |a 306.76/6/071  |2 21 
084 |a 71.25  |2 bcl 
084 |a MS 2870  |2 rvk 
049 |a TXAM 
100 1 |a Tierney, William G.,  |e author. 
245 1 0 |a Academic outlaws :  |b queer theory and cultural studies in the academy /  |c Author, William G. Tierney. 
264 1 |a Thousand Oaks, California :  |b Sage Publications,  |c [1997] 
300 |a xxiii, 186 pages ;  |c 24 cm 
336 |a text  |b txt  |2 rdacontent 
337 |a unmediated  |b n  |2 rdamedia 
338 |a volume  |b nc  |2 rdacarrier 
504 |a Includes bibliographical references (pages 177-180) and index. 
505 0 |a A cartography of culture -- Queer theory as cultural politics -- Dining at the table of the norm -- A world of five-second comments -- Counterfeiting : the academic closet -- Ashes -- Queering the academy : structure and change -- Looking back, looking ahead. 
520 |a Scholarly yet provocatively written, Academic Outlaws presents a comprehensive discussion of how life in academe is experienced by gay men and lesbian women. Using a narrative style that mixes autobiography, case study data, and fiction, author William G. Tierney provides timely insight into the challenges these people face in higher education and proposes an alternative process for redefining long-established cultural norms. 
500 |a The Cushing Library/Women & Gender Studies copy was acquired as part of The Don Kelly Research Collection of Gay Literature and Culture.  |5 TXA 
650 0 |a Gay and lesbian studies. 
650 0 |a Culture  |x Study and teaching (Higher) 
650 0 |a Gay teachers. 
650 0 |a Gays  |x Identity. 
650 0 |a Gay culture. 
650 0 |a Queer theory. 
650 7 |a Culture  |x Study and teaching (Higher)  |2 fast  |0 (OCoLC)fst00885091 
650 7 |a Gay and lesbian studies.  |2 fast  |0 (OCoLC)fst00939054 
650 7 |a Gay culture.  |2 fast  |0 (OCoLC)fst01201219 
650 7 |a Gay teachers.  |2 fast  |0 (OCoLC)fst00939227 
650 7 |a Gays  |x Identity.  |2 fast  |0 (OCoLC)fst00939278 
650 7 |a Queer theory.  |2 fast  |0 (OCoLC)fst01739572 
650 1 7 |a Homostudies.  |2 gtt 
650 1 7 |a Culturele aspecten.  |2 gtt 
650 0 7 |a Hochschullehrer.  |0 (DE-588)4025243-7  |2 gnd 
650 0 7 |a Homosexualität.  |0 (DE-588)4025798-8  |2 gnd 
650 7 |a Homosexualité masculine.  |2 ram 
650 7 |a Lesbianisme.  |2 ram 
650 7 |a Culture  |x Étude et enseignement (supérieur)  |2 ram 
650 0 7 |a Homosexualität.  |2 swd 
650 0 7 |a Lehrer.  |2 swd 
776 0 8 |i Online version:  |a Tierney, William G.  |t Academic outlaws.  |d Thousand Oaks, Calif. : Sage Publications, ©1997  |w (OCoLC)646888074 
994 |a C0  |b TXA 
948 |a updated  |b h  |c 2020/12/4  |d c  |e nbehmer  |f 10:20:16 am 
999 f f |s ab7f5886-d0da-35c6-bccc-d6d0602d6933  |i 24f6414c-320c-36e8-881d-86fe64a7f808  |t 0 
952 f f |p ric  |a Texas A&M University  |b Rellis Campus  |c Joint Library Facility  |s JLF  |d Remote Storage  |t 0  |e HQ75.15 .T54 1997  |h Library of Congress classification  |i unmediated -- volume  |m A14823547785 
998 f f |a HQ75.15 .T54 1997  |t 0  |l Remote Storage